<?xml version="1.0" encoding="UTF-8"?>
<record
    xmlns:xsi="http://www.w3.org/2001/XMLSchema-instance"
    xsi:schemaLocation="http://www.loc.gov/MARC21/slim http://www.loc.gov/standards/marcxml/schema/MARC21slim.xsd"
    xmlns="http://www.loc.gov/MARC21/slim">

  <leader>02138cam a2200421 a 4500</leader>
  <controlfield tag="001">000011970</controlfield>
  <controlfield tag="005">20200929162635.0</controlfield>
  <controlfield tag="008">830624s1982    ck       b    100 0 spa  </controlfield>
  <datafield tag="035" ind1=" " ind2=" ">
    <subfield code="a">(DLC) 83165486</subfield>
  </datafield>
  <datafield tag="040" ind1=" " ind2=" ">
    <subfield code="a">DO-SdBNP</subfield>
    <subfield code="c">DLC</subfield>
    <subfield code="d">DLC</subfield>
    <subfield code="d">MoSU-L</subfield>
  </datafield>
  <datafield tag="050" ind1="0" ind2="0">
    <subfield code="a">HF3422</subfield>
    <subfield code="b">.L42 1982</subfield>
  </datafield>
  <datafield tag="082" ind1=" " ind2=" ">
    <subfield code="a">382/.09861</subfield>
    <subfield code="b">19</subfield>
  </datafield>
  <datafield tag="245" ind1="0" ind2="0">
    <subfield code="a">Lecturas sobre el sector externo de la econom&#xED;a colombiana :</subfield>
    <subfield code="b">selecci&#xF3;n de documentos /</subfield>
    <subfield code="c">contribuciones Javier Ballesteros Mej&#xED;a ... [et al. ; Javier Ballesteros Mej&#xED;a, editor].</subfield>
  </datafield>
  <datafield tag="260" ind1=" " ind2=" ">
    <subfield code="a">Bogot&#xE1; :</subfield>
    <subfield code="b">Facultad de Ciencias Econ&#xF3;micas y Administrativas, Pontificia Universidad Javeriana,</subfield>
    <subfield code="c">1982.</subfield>
  </datafield>
  <datafield tag="300" ind1=" " ind2=" ">
    <subfield code="a">189 p. ;</subfield>
    <subfield code="c">24 cm.</subfield>
  </datafield>
  <datafield tag="500" ind1=" " ind2=" ">
    <subfield code="a">"El presente libro recoge los documentos y ponencias que formaron parte del Seminario Internacional sobre el Sector Externo de la Economia Colombiana, organizado por la Facultad de Ciencias Econ&#xF3;micas y Administrativas de la Universidad Javeriana y que tuvo lugar en la sede de la universidad en julio de 1982."--P. i.</subfield>
  </datafield>
  <datafield tag="504" ind1=" " ind2=" ">
    <subfield code="a">Incluye referencias bibliogr&#xE1;ficas.</subfield>
  </datafield>
  <datafield tag="651" ind1=" " ind2="0">
    <subfield code="a">Colombia</subfield>
    <subfield code="x">Commerce</subfield>
    <subfield code="x">Congresses.</subfield>
    <subfield code="9">28249</subfield>
  </datafield>
  <datafield tag="651" ind1=" " ind2="0">
    <subfield code="a">Colombia</subfield>
    <subfield code="x">Foreign Economic Relations</subfield>
    <subfield code="x">Congresses.</subfield>
    <subfield code="9">28250</subfield>
  </datafield>
  <datafield tag="630" ind1="0" ind2="0">
    <subfield code="a">Cartagena Agreement</subfield>
    <subfield code="d">(1969)</subfield>
    <subfield code="x">Congresses.</subfield>
    <subfield code="9">28251</subfield>
  </datafield>
  <datafield tag="700" ind1="1" ind2=" ">
    <subfield code="a">Ballesteros Mejia, Javier,</subfield>
    <subfield code="e">ed.</subfield>
    <subfield code="9">28252</subfield>
  </datafield>
  <datafield tag="700" ind1="1" ind2=" ">
    <subfield code="a">Botero de los R&#xED;os, Germ&#xE1;n .</subfield>
    <subfield code="9">28253</subfield>
  </datafield>
  <datafield tag="700" ind1="1" ind2=" ">
    <subfield code="a">Ezcurra, Enrique.</subfield>
    <subfield code="9">28254</subfield>
  </datafield>
  <datafield tag="700" ind1="1" ind2=" ">
    <subfield code="a">G&#xF3;mez Buend&#xED;a, Hernando.</subfield>
    <subfield code="9">28255</subfield>
  </datafield>
  <datafield tag="700" ind1="1" ind2=" ">
    <subfield code="a">Low, Patrich.</subfield>
    <subfield code="9">28256</subfield>
  </datafield>
  <datafield tag="700" ind1="1" ind2=" ">
    <subfield code="a">LLorente, Rodrigo.</subfield>
    <subfield code="9">28257</subfield>
  </datafield>
  <datafield tag="700" ind1="1" ind2=" ">
    <subfield code="a">Mauthner, Martin.</subfield>
    <subfield code="9">28258</subfield>
  </datafield>
  <datafield tag="700" ind1="1" ind2=" ">
    <subfield code="a">Melo Guevara, Gabriel.</subfield>
    <subfield code="9">28259</subfield>
  </datafield>
  <datafield tag="700" ind1="1" ind2=" ">
    <subfield code="a">M&#xE9;ndez Munn&#xE9;var, Jorge.</subfield>
    <subfield code="9">28260</subfield>
  </datafield>
  <datafield tag="700" ind1="1" ind2=" ">
    <subfield code="a">P&#xE9;rez Palacio, Francisco.</subfield>
    <subfield code="9">28261</subfield>
  </datafield>
  <datafield tag="700" ind1="1" ind2=" ">
    <subfield code="a">Power, Alejandro.</subfield>
    <subfield code="9">28262</subfield>
  </datafield>
  <datafield tag="700" ind1="1" ind2=" ">
    <subfield code="a">Ram&#xED;rez Acampo, Augusto.</subfield>
    <subfield code="9">28263</subfield>
  </datafield>
  <datafield tag="700" ind1="1" ind2=" ">
    <subfield code="a">Rojas Llorente, Alfonso.</subfield>
    <subfield code="9">28264</subfield>
  </datafield>
  <datafield tag="700" ind1="1" ind2=" ">
    <subfield code="a">Ricardo Villaveces.</subfield>
    <subfield code="9">28265</subfield>
  </datafield>
  <datafield tag="710" ind1="1" ind2=" ">
    <subfield code="a">Pontificia Universidad Javeriana.</subfield>
    <subfield code="b">Facultad de Ciencias Econ&#xF3;micas y Administrativas,</subfield>
    <subfield code="9">28266</subfield>
  </datafield>
  <datafield tag="711" ind1="1" ind2=" ">
    <subfield code="a">Seminario Internacional sobre el Sector Externo de la Econom&#xED;a Colombiana</subfield>
    <subfield code="d">(1982 :</subfield>
    <subfield code="c">Universidad Javeriana)</subfield>
    <subfield code="9">28267</subfield>
  </datafield>
  <datafield tag="049" ind1=" " ind2=" ">
    <subfield code="a">BNGR</subfield>
  </datafield>
  <datafield tag="952" ind1=" " ind2=" ">
    <subfield code="0">0</subfield>
    <subfield code="1">0</subfield>
    <subfield code="5">2</subfield>
    <subfield code="7">0</subfield>
    <subfield code="8">MO</subfield>
    <subfield code="a">GR</subfield>
    <subfield code="b">GR</subfield>
    <subfield code="c">CT</subfield>
    <subfield code="d">2009-11-02</subfield>
    <subfield code="i">LF1</subfield>
    <subfield code="l">0</subfield>
    <subfield code="o">382/.09861 19</subfield>
    <subfield code="p">11970-10</subfield>
    <subfield code="r">2020-06-25</subfield>
    <subfield code="w">2020-06-25</subfield>
    <subfield code="y">2</subfield>
    <subfield code="Z">Pr&#xE9;stamo interno</subfield>
  </datafield>
  <datafield tag="999" ind1=" " ind2=" ">
    <subfield code="c">11640</subfield>
    <subfield code="d">11640</subfield>
  </datafield>
</record>
